Wszystkie prowincje Hiszpanii - Statystyki

Ogólne statystyki
  • Ten quiz został rozwiązany 84 razy
  • Średni wynik to 18 z 50
Statystyki odpowiedzi
Wspólnota Nazwa prowincji % Poprawnych
10. Katalonia Barcelona
81%
31. Madryt Madryt
81%
42. Andaluzja Sewilla
75%
49. Walencja Walencja
66%
32. Andaluzja Málaga
63%
40. Aragonia Saragossa
59%
33. Murcja Murcja
58%
1. Galicja A Coruña
53%
23. Andaluzja Kadyks
49%
28. Kastylia i León León
49%
4. Walencja Alicante
47%
17. Andaluzja Grenada
46%
47. Kastylia i León Valladolid
44%
16. Katalonia Girona
42%
5. Andaluzja Almería
41%
6. Asturia Asturia
37%
27. Wyspy Kanaryjskie Las Palmas de Gran Canaria
37%
46. Kastylia-La Mancha Toledo
37%
25. Andaluzja Kordoba
36%
26. La Rioja La Rioja
36%
9. Baleary Baleary
34%
38. Kastylia i León Salamanka
34%
22. Andaluzja Jaén
32%
34. Nawarra Nawarra
32%
14. Kastylia-La Mancha Ciudad Real
31%
20. Andaluzja Huelva
31%
24. Kantabria Kantabria
31%
3. Kastylia-La Mancha Albacete
29%
11. Kastylia i León Burgos
29%
13. Walencja Castellón
29%
44. Katalonia Tarragona
29%
21. Aragonia Huesca
27%
43. Kastylia i León Soria
27%
7. Kastylia i León Ávila
24%
29. Katalonia Lleida
24%
30. Galicja Lugo
24%
41. Kastylia i León Segovia
24%
50. Kastylia i León Zamora
24%
8. Estremadura Badajoz
22%
12. Estremadura Cáceres
22%
15. Kastylia-La Mancha Cuenca
22%
18. Kastylia-La Mancha Guadalajara
22%
37. Galicja Pontevedra
22%
45. Aragonia Teruel
22%
35. Galicja Ourense
20%
39. Wyspy Kanaryjskie Santa Cruz de Tenerife
20%
2. Kraj Basków Álava
19%
36. Kastylia i León Palencia
19%
48. Kraj Basków Vizcaya
17%
19. Kraj Basków Guipúzcoa
14%
Nie znaleziono quizów pasujących do podanych kryteriów
Rozkład punktacji
Procent ludzi z każdym wynikiem
Percentyl według liczby udzielonych odpowiedzi
Twoja historia wyników
Nie rozwiązałeś tego quizu